| 000 | 01036nam a22002417a 4500 | ||
|---|---|---|---|
| 999 |
_c6408 _d6408 |
||
| 003 | AR-CdUCM | ||
| 008 | 190315b ||||| |||| 00| 0 spa d | ||
| 040 |
_aMUNICIPALIDAD PROVINCIAL DEL CUSCO _cBIBLIOTECA MUNICIPAL DEL CUSCO |
||
| 082 |
_220ed. _a448.246 / _bC82 |
||
| 100 |
_aCortina, Rafael Diez de la _918219 |
||
| 245 |
_aMétodo de cortina, para su uso en las clases y la preparación del estudiante : _bFrancés en veinte lecciones, con un sistema de articulación, basado en equivalencias castellanas, que asegura una pronunciación correcta / |
||
| 260 |
_aNueva York : _bR. D. Cortina Company, Editores, _c1912. |
||
| 300 |
_a339 paginas ; _c18 cm. |
||
| 500 |
_aDonación familia Nieto _aTexto en español y francés |
||
| 505 | _aContenido :Lecciones de francés / | ||
| 650 |
_aLengua francesa _910820 |
||
| 650 |
_aTextos para extranjeros _911270 |
||
| 650 |
_aGramática _99175 |
||
| 650 |
_aEstudio y enseñanza _92610 |
||
| 700 |
_aNúñez de Arce, Gaspar (prologo) _918220 |
||
| 942 |
_2ddc _cLIBROS |
||
| 945 | _arjall | ||